<?xml version="1.0" encoding="UTF-8"?>
<collection xmlns="http://www.loc.gov/MARC21/slim">
 <record>
  <leader>00326pamaa2200121   4500</leader>
  <controlfield tag="001">0000021122</controlfield>
  <controlfield tag="005">20070307090000.0</controlfield>
  <datafield tag="020" ind1="0" ind2="0">
   <subfield code="a">155936064X (pbk) </subfield>
  </datafield>
  <datafield tag="090" ind1="0" ind2="0">
   <subfield code="a">PS352 </subfield>
   <subfield code="b">PRI 1993</subfield>
  </datafield>
  <datafield tag="100" ind1="1" ind2="0">
   <subfield code="a">PRICE </subfield>
  </datafield>
  <datafield tag="245" ind1="1" ind2="0">
   <subfield code="a">Full moon and other plays  </subfield>
   <subfield code="c">Reynolds Price.</subfield>
  </datafield>
  <datafield tag="260" ind1="0" ind2="0">
   <subfield code="a">New York: </subfield>
   <subfield code="b">Theatre Communications Group, </subfield>
   <subfield code="c">1993.</subfield>
  </datafield>
  <datafield tag="300" ind1=" " ind2=" ">
   <subfield code="a">301p.; </subfield>
   <subfield code="c">23cm.</subfield>
  </datafield>
 </record>
</collection>
